| 000 | 01607nam a2200349 a 4500 | ||
|---|---|---|---|
| 001 | 59356 | ||
| 003 | BD-RjUL | ||
| 005 | 20211209080724.0 | ||
| 008 | 161224s2007 dcua sb i000 0 eng d | ||
| 020 | _a9780821365953 | ||
| 020 | _a0821365959 | ||
| 035 | _aBD-RjUL59480 | ||
| 040 |
_aDJB _cDJB _dDLC _dWaSeSS _beng |
||
| 041 | _aeng | ||
| 082 | 0 | 0 |
_a330.0721724 _222 _bCAP 2007 |
| 111 | 2 |
_aScaling Up Capacity Building in Economics Education and Research _d(2005 : _cCentral European University) _9176635 |
|
| 245 | 1 | 0 |
_aCapacity building in economics education and research / _cFrancois Bourguignon, Yehuda Elkana, and Boris Pleskovic, editors. |
| 260 |
_aWashington, D.C. : _bWorld Bank, _cc2007. |
||
| 300 |
_a352 P. : _bill. ; _c23 cm. |
||
| 500 | _aThe Central European University and the World Bank jointly organized a conference entitled "Scaling Up Capacity Building in Economics Education and Research : Lessons Learned and Future Directions," which took place at the CEU campus in Budapest, Hungary, on June 14-15, 2005. | ||
| 504 | _aIncludes bibliographical references. | ||
| 506 | _aLicense restrictions may limit access. | ||
| 650 | 0 |
_aEconomics _xResearch _zDeveloping countries _9176540 |
|
| 700 | 1 |
_aBourguignon, Francois. _9175194 |
|
| 700 | 1 |
_aElkana, Yehuda, _d1934-2012. _9176541 |
|
| 700 | 1 |
_aPleskovic, Boris. _9175195 |
|
| 710 | 2 |
_aWorld Bank. _9171728 |
|
| 773 | 0 | _tOpen Knowledge Repository | |
| 856 | 4 | 0 |
_uhttp://www.columbia.edu/cgi-bin/cul/resolve?clio11830319 _zFull text available from Open Knowledge Repository |
| 942 |
_2ddc _cBK |
||
| 999 |
_c59356 _d59356 |
||